000 00821nam a2200253Ia 4500
003 OSt
005 20221005133647.0
006 a|||||r|||| 00| 0
007 ta
008 221004b |||||||| |||| 00| 0 hin d
020 _c125
024 _a83797
037 _b8030, 30/03/2005, Hindi Book Centre
_cTextual
040 _aCRL
_cCRL
_bhin
041 _2hin
_ahin
082 _aY:49(Q).2, 152P4
100 _aगुप्ता, रमणिका
245 0 _aसाम्प्रदायिकता के बदलते चेहरे
246 _aSāmpradāyikatā ke badalate chehare
260 _c2004
300 _a96पृ0
_ccm.
942 _hY:49(Q).2, 152P4
_cTEXL
_2cc
999 _c1067464
_d1067464